000
00347 a2200157 4500
001
156707
020
_a
1405003537
040
_c
Escola São Tomás de Aquino
100
_a
GARTON- SPRENGER, Judy
240
1
0
_a
L. A. Adventure
_l
eng
245
1
0
_a
L. A. Adventure
300
_a
24
362
0
_a
2002
697
_a
Língua inglesa
942
_c
BK
999
_c
156707
_d
156707